000 02016cam a2200361 a 4500
001 000015817
005 20260312134858.0
008 870925m19882001pr a s010 0 spa d
020 _a0847736628
040 _aDO-SdBNP
_bspa
_cBNPHU
082 _aPR868.2
_bH831o, 1988-2001
100 1 _aHostos, Eugenio María de,
_d1839-1903
_91352
245 1 0 _aObras completas /
_cE. M. de Hostos.
260 _aRío Piedras :
_bInstituto de Cultura Puertorriqueña :
_bUniversidad de Puerto Rico,
_c1988-2001.
300 _av. :
_bil., retrs. ;
_c22 cm.
500 _av.5. publicado por San Juan, P.R. : Editorial de la Universidad de Puerto Rico : Instituto de Estudios Hostosianos, 2001.
500 _aIncluye referencias bibliográficas y notas al pie de las páginas
500 _aLa biblioteca posee v.1.,t.1; v.1, t.2; v.1, t.3; v.2, t.1; v.3, t.1; v.8, t.1; v.9, t.1
504 _aIncluye bibliografías e índices.
505 0 _avol. 1. Literatura: pt. 1. La peregrinación de Bayoán; pt.2. Cuento. Teatro. Poesía. Ensayo; pt.3. Crítica; pt. 4 La tela de araña .--
_gv.2.
_tDiario: pt. 1. 1866-1869.
_gv.3.
_tEpistolario: pt. 1. Epistolario (1865-1878)--
_gv.5.
_tPuerto Rico Madre Isla : pt. 1. --
_gv.6.
_tEducación: pt. 1. Ciencia de la pedagogía. --
_gv.8.
_tSociología: pt. 1. Tratado de sociología.
_gv.9.
_tFilosofía: pt. 1. Tratado de moral
600 1 4 _aHOSTOS Y BONILLA, EUGENIO MARÍA DE,
_d1839-1903
_xCOLECCIONES DE ESCRITOS
_935606
650 4 _aAutores puertorriqueños
_xDiarios
_935607
650 4 _aEnsayos puertorriqueños
_98892
650 4 _aNovela puertorriqueña
_91185
650 0 _aÉtica social
_91353
650 4 _aDerecho constitucional
_xEnsayos, conferencias, etc.
_935608
650 4 _aEducación
_xEnsayos, conferencias, etc.
_931150
650 4 _aLiteratura puertorriqueña
_9250
700 1 _aLópez, Julio César,
_eed.
_99028
700 1 _aQuiles Calderín, Vivian,
_eed.
_99027
700 1 _aReyes Dávida, Marcos,
_epról.
_935609
910 _aValidado. Control de calidad MFF
999 _c15362
_d15362